Normal view
MARC view
- Microelectromechanical systems
Entry Topical Term
001 - CONTROL NUMBER
- control field: 86953
003 - CONTROL NUMBER IDENTIFIER
- control field: NUST
005 - DATE AND TIME OF LATEST TRANSACTION
- control field: 20211222150722.0
008 - FIXED-LENGTH DATA ELEMENTS
- fixed length control field: 211222|| aca||aabn | a|a d
040 ## - CATALOGING SOURCE
- Original cataloging agency: NUST
- Transcribing agency: NUST
150 ## - HEADING--TOPICAL TERM
- Topical term or geographic name entry element: Microelectromechanical systems
670 ## - SOURCE DATA FOUND
- Source citation: Work cat.: (NUST)33243: Acar, Cenk. 86951, MEMS vibratory gyroscopes :, 2008.
